Teams of Italy Map Quiz - Statistics

General Stats
  • This quiz has been taken 48 times
    46 since last reset
  • The average score is 12 of 20
Answers on the Map
Answers color-coded by a green-red scale on the quiz's map according to % correct below.
 
Answer Stats
Answer % Correct
Napoli
83%
Roma
83%
Cagliari
80%
Palermo
80%
Fiorentina
78%
Genoa
78%
Juventus
78%
Bologna
76%
Inter Milan
73%
Südtirol
63%
Udinese
56%
Hellas Verona
54%
USD Pont Donnaz Hône Arnad Evançon
54%
Pescara
51%
Lecce
49%
Reggina
46%
Campobasso
39%
Ascoli Calcio
32%
Pizerno
32%
Ternana
32%
No matching quizzes found
Score Distribution
Percent of People with Each Score
Percentile by Number Answered
Your Score History
You have not taken this quiz since the last reset